000 00282 a2200133 4500
001 194899
040 _cMagnum
100 _aLa Fontaine, Jean de
240 1 0 _aA menina do leite
_lpor
245 1 0 _aA menina do leite
300 _a7
697 _aLITERATURA INFANTIL
942 _cBK
999 _c194899
_d194899